01585nam a2200181Ia 4500008004100000020001500041050002400056245012800080250003700208260003600245300004400281500013800325504003200463505076100495650005501256700005001311700004201361120625s2001 ck r 001 0 spa d a970150731204aHF5667.12bA84 200110aAuditoria informáticab : un enfoque practicoc / coordinadores, Mario Gerardo Piattini Velthuis, Emilio del Peso Navarro a2a edición ampliada y revisada aMéxicob : Alfaomegac , 2001 axliv, 660 páginas c : ilustraciones  aEjemplar 1 (04 001565) y 2 (04 001566) son 4ta. reimpresión 2006 Ejemplar 3 (04 004312) y 4 (04 005698) son 10a. reimpresión 2013 aBibliografía: pp. 650-6540 aLa informática como herramienta del auditor financiero Control interno y auditoria informática Metodologías de control interno, seguridad y auditoria informática El informe de auditoría Organización del departamento de auditoria informática El marco jurídico de la auditoría informática Deontología del auditor informático y códigos éticos Principales áreas de la auditoría informática Auditoría de la ofimática Auditoría de la dirección Auditoría de la explotación Auditoría del desarrollo Auditoría del mantenimiento Auditoría de bases de datos Auditoría de técnica de sistemas Auditoría de la calidad Auditoría de la seguridad Auditoría de redes Auditoría de aplicaciones 14aPROCESAMIENTO ELECTRÓNICO DE DATOSxAUDITORÍA 1 aPiattini Velthuis, Mario Gerardoecoordinador1 aPeso Navarro, Emilio delecoordinador